[Event "Leipzig VfB op 25th"]
[Site "Leipzig"]
[Date "2018.03.23"]
[Round "6"]
[White "Vorreiter, Heiko"]
[Black "Mueller, Sylvio"]
[Result "1-0"]
[WhiteElo "1697"]
[BlackElo "1325"]
[PlyCount "59"]
[EventDate "2018.03.20"]
[EventType "swiss"]
[EventRounds "9"]
[EventCountry "GER"]
[SourceTitle "CBM 183 Extra"]
[Source "ChessBase"]
[SourceDate "2018.04.19"]
[SourceVersion "1"]
[SourceVersionDate "2018.04.19"]
[SourceQuality "1"]

1. d4 d5 2. c4 Nf6 3. Nc3 Nc6 4. Nf3 Bf5 5. a3 Ne4 6. Nxd5 e6 7. Nc3 Nxc3 8. bxc3 Be7 9. Bf4 0-0 10. e3 h6 11. Be2 Bd6 12. Bg3 Bxg3 13. hxg3 Re8 14. 0-0 g5 15. Nd2 Kg7 16. e4 Bg6 17. d5 Ne5 18. f4 gxf4 19. gxf4 Nd7 20. Bd3 Nc5 21. Bc2 exd5 22. f5 Bh7 23. cxd5 Qg5 24. Nf3 Qe3+ 25. Kh1 Qxc3 26. Re1 Qc4 27. Rc1 Nxe4 28. Bxe4 Qa6 29. Qd4+ Kg8 30. Rxc7 1-0

[Event "Leipzig VfB op 25th"]
[Site "Leipzig"]
[Date "2018.03.21"]
[Round "3"]
[White "Pauscher, Wolfgang"]
[Black "Vorreiter, Heiko"]
[Result "1-0"]
[WhiteElo "1809"]
[BlackElo "1697"]
[PlyCount "67"]
[EventDate "2018.03.20"]
[EventType "swiss"]
[EventRounds "9"]
[EventCountry "GER"]
[SourceTitle "CBM 183 Extra"]
[Source "ChessBase"]
[SourceDate "2018.04.19"]
[SourceVersion "1"]
[SourceVersionDate "2018.04.19"]
[SourceQuality "1"]

1. e4 e5 2. Nf3 Nc6 3. Bc4 Be7 4. d4 exd4 5. Nxd4 Nxd4 6. Qxd4 Bf6 7. Qd3 Ne7 8. Nc3 0-0 9. f4 d6 10. Be3 Bd7 11. 0-0-0 a6 12. e5 Bf5 13. Ne4 dxe5 14. Nxf6+ gxf6 15. Qc3 Qc8 16. fxe5 fxe5 17. Bh6 Ng6 18. Bxf8 Qxf8 19. h4 Qg7 20. Rdf1 Ne7 21. g4 Be6 22. Bxe6 Qh6+ 23. g5 Qxe6 24. Re1 Nc6 25. Rhg1 Re8 26. Kb1 Rd8 27. Ref1 Rd4 28. h5 Rc4 29. Qd3 e4 30. Qg3 Nb4 31. g6 hxg6 32. Qg5 Kg7 33. hxg6 fxg6 34. Rh1 1-0

[Event "Leipzig VfB op 24th"]
[Site "Leipzig"]
[Date "2017.03.22"]
[Round "3"]
[White "Nitsche, Nikolai"]
[Black "Vorreiter, Heiko"]
[Result "1/2-1/2"]
[WhiteElo "1293"]
[BlackElo "1714"]
[PlyCount "77"]
[EventDate "2017.03.21"]
[EventType "swiss"]
[EventRounds "9"]
[EventCountry "GER"]
[SourceTitle "EXT 2018"]
[Source "ChessBase"]
[SourceDate "2017.10.13"]
[SourceVersion "1"]
[SourceVersionDate "2017.10.13"]
[SourceQuality "1"]

1. e4 e6 2. d4 d5 3. exd5 exd5 4. Nf3 Nf6 5. Bd3 Bd6 6. 0-0 0-0 7. Bg5 Nbd7 8. c3 c6 9. Qc2 Qc7 10. Nbd2 b6 11. Rfe1 Bb7 12. Bxf6 Nxf6 13. Ne5 Rfe8 14. f4 c5 15. Rac1 Rac8 16. Ndf3 h6 17. Nh4 cxd4 18. cxd4 Qd8 19. Qf2 Rxc1 20. Rxc1 Ne4 21. Bxe4 dxe4 22. Nf5 Bb8 23. Qg3 Qf6 24. Qg4 Kh7 25. Ne3 Rd8 26. Rd1 g6 27. g3 Bc8 28. Qe2 Bb7 29. Qc4 Kg7 30. N3g4 Qe7 31. Qc1 h5 32. Ne3 Qe6 33. Qc4 Qe7 34. b3 Rc8 35. Qe2 Bd6 36. N3c4 f6 37. Nxd6 Qxd6 38. Nc4 Qd5 39. Qe3 1/2-1/2

[Event "Leipzig VfB op 23rd"]
[Site "Leipzig"]
[Date "2016.03.16"]
[Round "2"]
[White "Vorreiter, Heiko"]
[Black "Goldmund, Heike"]
[Result "1-0"]
[WhiteElo "1759"]
[BlackElo "1571"]
[PlyCount "43"]
[EventDate "2016.03.15"]
[EventType "swiss"]
[EventRounds "9"]
[EventCountry "GER"]
[SourceTitle "EXT 2017"]
[Source "ChessBase"]
[SourceDate "2016.10.25"]
[SourceVersion "1"]
[SourceVersionDate "2016.10.25"]
[SourceQuality "1"]

1. d4 d5 2. c4 Nf6 3. Nc3 Bf5 4. Nf3 e6 5. Qb3 b6 6. g3 c6 7. Bg2 Bd6 8. 0-0 0-0 9. Ne5 Nbd7 10. Nxc6 Qc8 11. cxd5 exd5 12. Nxd5 Nxd5 13. Qxd5 Nf6 14. Qxd6 Kh8 15. Bg5 Ne4 16. Qf4 Re8 17. Ne7 Rxe7 18. Bxe7 Qe6 19. Rfd1 Re8 20. Ba3 Nf6 21. e3 Nd5 22. Qd6 1-0

[Event "Leipzig VfB op 23rd"]
[Site "Leipzig"]
[Date "2016.03.15"]
[Round "1"]
[White "Fischer, Edwin"]
[Black "Vorreiter, Heiko"]
[Result "1-0"]
[WhiteElo "2166"]
[BlackElo "1759"]
[PlyCount "52"]
[EventDate "2016.03.15"]
[EventType "swiss"]
[EventRounds "9"]
[EventCountry "GER"]
[SourceTitle "EXT 2017"]
[Source "ChessBase"]
[SourceDate "2016.10.25"]
[SourceVersion "1"]
[SourceVersionDate "2016.10.25"]
[SourceQuality "1"]

1. e4 c5 2. Nf3 d6 3. d4 cxd4 4. Nxd4 Nf6 5. Nc3 Nbd7 6. g4 Nc5 7. f3 g6 8. h4 Bg7 9. h5 gxh5 10. Bb5+ Bd7 11. Nf5 Kf8 12. Nxg7 Kxg7 13. g5 Ne8 14. Bxd7 Qxd7 15. Be3 Ne6 16. Qd2 Kf8 17. Rxh5 N8g7 18. Rh6 Ke8 19. 0-0-0 Kf8 20. f4 Kg8 21. Rdh1 Rc8 22. f5 Nf8 23. f6 Nge6 24. Nd5 Ng6 25. fxe7 Qa4 26. Nf6+ Kg7 1-0

[Event "Leipzig VfB op 22nd"]
[Site "Leipzig"]
[Date "2015.03.07"]
[Round "8"]
[White "Vorreiter, Heiko"]
[Black "Kabitzke, Julian"]
[Result "1/2-1/2"]
[WhiteElo "1685"]
[BlackElo "1867"]
[PlyCount "55"]
[EventDate "2015.03.03"]
[EventType "swiss"]
[EventRounds "9"]
[EventCountry "GER"]
[SourceTitle "EXT 2016"]
[Source "ChessBase"]
[SourceDate "2015.10.08"]
[SourceVersion "1"]
[SourceVersionDate "2015.10.08"]
[SourceQuality "1"]

1. c4 Nf6 2. d4 e6 3. Nf3 Bb4+ 4. Nc3 b6 5. e3 Bb7 6. Be2 0-0 7. 0-0 Bxc3 8. bxc3 Ne4 9. Qc2 d6 10. Bb2 Nd7 11. Rad1 Qe7 12. Nd2 f5 13. f3 Nxd2 14. Qxd2 e5 15. d5 Rae8 16. e4 f4 17. Ba3 g5 18. Qe1 Kh8 19. g4 Nf6 20. h4 h6 21. Kg2 Kg7 22. Rh1 Rh8 23. Rh2 Qd7 24. Qd2 Qa4 25. Qb2 Nd7 26. Rd2 Ba6 27. Qb3 Nc5 28. Bxc5 1/2-1/2

[Event "Leipzig VfB op 19th"]
[Site "Leipzig"]
[Date "2012.03.11"]
[Round "9"]
[White "Vorreiter, Heiko"]
[Black "Reinsdorf, Christin"]
[Result "0-1"]
[WhiteElo "1412"]
[BlackElo "1849"]
[PlyCount "128"]
[EventDate "2012.03.06"]
[EventType "swiss"]
[EventRounds "9"]
[EventCountry "GER"]
[SourceTitle "CBM 147 Extra"]
[Source "ChessBase"]
[SourceDate "2012.04.24"]
[SourceVersion "1"]
[SourceVersionDate "2012.04.24"]
[SourceQuality "1"]

1. c4 c5 2. Nc3 Nf6 3. Nf3 Nc6 4. g3 e6 5. Bg2 d5 6. cxd5 exd5 7. d4 cxd4 8. Nxd4 Bb4 9. Qd3 Bxc3+ 10. bxc3 0-0 11. 0-0 Ne5 12. Qc2 h6 13. Rd1 Nc6 14. Qd3 Nxd4 15. Qxd4 Be6 16. Qb4 Qc8 17. Be3 a5 18. Qb2 Ra6 19. Bd4 Ne4 20. Rab1 Nd6 21. Be5 Nc4 22. Qxb7 Qxb7 23. Rxb7 Nxe5 24. Bxd5 Bxd5 25. Rxd5 Ng6 26. a4 Rc8 27. f4 Nh8 28. Rbb5 Ng6 29. Rd7 Raa8 30. c4 Rxc4 31. Rbb7 Nh8 32. Re7 Rxa4 33. e4 Rb4 34. Rbc7 Rbb8 35. f5 Re8 36. Ra7 Rxe7 37. Rxa8+ Kh7 38. Rxa5 Rxe4 39. Kf2 g6 40. Kf3 Rb4 41. g4 Kg7 42. Rd5 Rb3+ 43. Kf2 Rb7 44. Kg3 Rb3+ 45. Kf2 gxf5 46. Rxf5 Ng6 47. Rh5 Nf4 48. Rf5 Nh3+ 49. Kg2 Ng5 50. Kf2 Kg6 51. Ra5 Ne4+ 52. Kg2 Nf6 53. h3 Rc3 54. Rb5 h5 55. g5 Ne4 56. h4 Nd6 57. Rb6 Rd3 58. Kf2 Kf5 59. Rb4 Rc3 60. Rd4 Ne4+ 61. Kg2 Rg3+ 62. Kh2 Rg4 63. Rd5+ Ke6 64. Ra5 Rxh4+ 0-1

[Event "Leipzig VfB op 19th"]
[Site "Leipzig"]
[Date "2012.03.06"]
[Round "1"]
[White "Vorreiter, Heiko"]
[Black "Bodzyn, Karsten"]
[Result "0-1"]
[WhiteElo "1412"]
[BlackElo "1912"]
[PlyCount "68"]
[EventDate "2012.03.06"]
[EventType "swiss"]
[EventRounds "9"]
[EventCountry "GER"]
[SourceTitle "CBM 147 Extra"]
[Source "ChessBase"]
[SourceDate "2012.04.24"]
[SourceVersion "1"]
[SourceVersionDate "2012.04.24"]
[SourceQuality "1"]

1. c4 f5 2. d4 Nf6 3. Nc3 g6 4. Nf3 Bg7 5. e3 d6 6. Be2 0-0 7. b3 Na6 8. a3 e5 9. dxe5 dxe5 10. Qxd8 Rxd8 11. b4 c5 12. Rb1 e4 13. Nd2 b6 14. Nb5 Bb7 15. 0-0 Rd7 16. f3 Rad8 17. Nb3 exf3 18. gxf3 cxb4 19. a4 Ba8 20. Bb2 Nc5 21. N5d4 Nxa4 22. Ne6 Re8 23. Nxg7 Kxg7 24. Kf2 Nxb2 25. Rxb2 Rde7 26. Re1 Rxe3 27. c5 bxc5 28. Nxc5 Bxf3 29. Nb3 Ng4+ 30. Kf1 Nxh2+ 31. Kf2 Ng4+ 32. Kf1 Bxe2+ 33. Kg1 Rg3+ 34. Kh1 Bf3+ 0-1